[Event "GER-chT U20 Girls"]
[Site "Osnabrueck"]
[Date "2015.12.28"]
[Round "4.4"]
[White "Wienhold, Nadine"]
[Black "Fischer, Trixy"]
[Result "1-0"]
[WhiteElo "1375"]
[BlackElo "651"]
[PlyCount "87"]
[EventDate "2015.12.27"]
[EventType "team-swiss"]
[EventRounds "7"]
[EventCountry "GER"]
[SourceTitle "EXT 2017"]
[Source "ChessBase"]
[SourceDate "2016.10.25"]
[SourceVersion "1"]
[SourceVersionDate "2016.10.25"]
[SourceQuality "1"]
[WhiteTeam "Chemnitz USG"]
[BlackTeam "Leegebruch"]
[WhiteTeamCountry "GER"]
[BlackTeamCountry "GER"]

1. e4 e5 2. Nf3 Nc6 3. Bc4 Nf6 4. d3 Bc5 5. Bg5 h6 6. Bh4 0-0 7. 0-0 d6 8. c3 Qe8 9. Re1 Be6 10. Nbd2 Qd7 11. Bxe6 Qxe6 12. Nb3 Nh5 13. d4 Bb6 14. d5 Qg6 15. dxc6 Nf4 16. Bg3 Nh5 17. Nh4 Qe6 18. Qxh5 g6 19. Qxh6 Rae8 20. cxb7 c5 21. Rad1 Qf6 22. Re2 Qg7 23. Qxg7+ Kxg7 24. Rxd6 Bc7 25. Rd5 f6 26. Nxc5 Rh8 27. Rd7+ Kf8 28. Rxc7 g5 29. Rc8 Kf7 30. Rxe8 Rxe8 31. Nd7 Ke7 32. b8Q Rxb8 33. Nxb8 gxh4 34. Bxh4 a6 35. Rd2 Ke6 36. c4 Kf7 37. c5 f5 38. c6 fxe4 39. c7 a5 40. Rd7+ Ke6 41. c8Q Kf5 42. Rf7+ Kg6 43. Qg8+ Kh5 44. Qg5# 1-0